| 000 | 00900nam a2200265 i 4500 | ||
|---|---|---|---|
| 001 | 6417 | ||
| 003 | ES-MaACL | ||
| 005 | 20230906144926.0 | ||
| 007 | t| | ||
| 008 | 891120s1986 sp ||||1| spa d | ||
| 020 | _a84-86241-19-7 | ||
| 080 | _a61(46)"1936/1939" | ||
| 080 | _a614.23(46)"1936/1939" | ||
| 245 | 0 | 4 |
_aLos Medicos y la medicina en la guerra civil española / _c[Gerardo Gomez-Trigo Ochoa... (et al.)]. |
| 260 |
_aMadrid : _bSaned, _cD.L. 1986. |
||
| 300 |
_a350 p. ; _c24 cm. |
||
| 490 | 1 | _aMonografía Beecham | |
| 500 | _aEjemp. n. 221 de una ed. de 1000. | ||
| 650 | 1 | 4 |
_aMedicina- _zEspaña- _y1936-1939. _914901 |
| 651 | 4 |
_aEspaña- _xHistoria- _y1936-1939, Guerra civil- _xAspectos sanitarios. _98295 |
|
| 700 | 1 |
_aGomez-Trigo Ochoa, Gerardo. _958172 |
|
| 830 | 0 |
_aMonografía Beecham _9227687 |
|
| 852 |
_aES-MaACL _jL-13621 _bR.112001 _z. - piel |
||
| 999 |
_c6417 _d6417 |
||